Smernica Európskeho parlamentu a Rady o posudzovaní povodní a povodňovom manažmente (SEK (2006)66)
Význam spolupráce na úrovni Európskej únie. Povodňový manažment v rámci Smernice Európskej komisie. Základné pojmy uvedené v Smernici Európskej Komisie. Povodňový manažment a jeho zložky.
Na minha lista:
| Autor principal: | |
|---|---|
| Formato: | Capítulo de Livro |
| Idioma: | eslovaco |
| Assuntos: | |
| Tags: |
Sem tags, seja o primeiro a adicionar uma tag!
|
MARC
| LEADER | 00000naa$a2200000$$$4500 | ||
|---|---|---|---|
| 001 | 0073564 | ||
| 005 | 20231113113346.5 | ||
| 041 | 0 | |a slo | |
| 044 | |a SK | ||
| 245 | 1 | 0 | |a Smernica Európskeho parlamentu a Rady o posudzovaní povodní a povodňovom manažmente (SEK (2006)66) |c Vladimír Čička |
| 520 | |a Význam spolupráce na úrovni Európskej únie. Povodňový manažment v rámci Smernice Európskej komisie. Základné pojmy uvedené v Smernici Európskej Komisie. Povodňový manažment a jeho zložky. | ||
| 610 | 2 | 0 | |a hydrológia |
| 610 | 2 | 0 | |a smernice |
| 610 | 2 | 0 | |a ochrana prostredia životného |
| 610 | 2 | 0 | |a povodne |
| 610 | 2 | 0 | |a manažment |
| 610 | 2 | 0 | |a Európsky parlament |
| 610 | 2 | 0 | |a spolupráca medzinárodná |
| 610 | 2 | 0 | |a Európska únia |
| 100 | 1 | |a Čička, Vladimír | |